Most Successful Nations at World Cross Country Championships - Statistics

General Stats
  • This quiz has been taken 41 times
  • The average score is 19 of 25
Answer Stats
Gold Silver Bronze Answer % Correct
4 5 11 France
97%
16 20 20 United Kingdom
97%
21 19 25 United States
97%
0 4 20 Japan
94%
149 108 75 Kenya
92%
6 10 12 Spain
92%
1 0 3 Australia
89%
1 2 1 China
89%
107 113 63 Ethiopia
89%
6 0 4 Norway
89%
1 0 0 Sweden
86%
4 6 22 Uganda
83%
8 1 6 Belgium
78%
2 3 3 Finland
78%
2 6 6 Italy
75%
1 1 0 Netherlands
75%
4 6 4 Ireland
69%
3 14 18 Morocco
64%
1 2 5 New Zealand
64%
6 3 13 Portugal
64%
1 6 8 Eritrea
53%
9 15 13 Soviet Union
53%
1 1 2 Tanzania
50%
3 3 5 Romania
42%
1 0 0 Tunisia
42%
No matching quizzes found
Score Distribution
Percent of People with Each Score
Percentile by Number Answered
Your Score History
You have not taken this quiz